Strategic management : (Record no. 5387)
[ view plain ]
| 000 -LEADER | |
|---|---|
| fixed length control field | 00847cam a22002532 4500 |
| 001 - CONTROL NUMBER | |
| control field | 0000001683 |
| 005 - DATE AND TIME OF LATEST TRANSACTION | |
| control field | 20151217151824.0 |
| 008 - FIXED-LENGTH DATA ELEMENTS--GENERAL INFORMATION | |
| fixed length control field | 070321s xx 000 0 eng d |
| 020 ## - INTERNATIONAL STANDARD BOOK NUMBER | |
| International Standard Book Number | 0256162050 : |
| 040 ## - CATALOGING SOURCE | |
| Original cataloging agency | KABU |
| Transcribing agency | KABU |
| 050 #0 - LIBRARY OF CONGRESS CALL NUMBER | |
| Classification number | HD30.28 |
| Item number | .T46 1996 |
| 100 1# - MAIN ENTRY--PERSONAL NAME | |
| Personal name | Thompson, Arthur A., |
| Dates associated with a name | 1940-. |
| -- | 0000150632 |
| 245 10 - TITLE STATEMENT | |
| Title | Strategic management : |
| Remainder of title | concepts and cases / |
| Statement of responsibility, etc. | Arthur A. Thompson, Jr., A. J. Strickland, III. |
| 250 ## - EDITION STATEMENT | |
| Edition statement | 9th ed. |
| 260 ## - PUBLICATION, DISTRIBUTION, ETC. (IMPRINT) | |
| Place of publication, distribution, etc. | Chicago : |
| Name of publisher, distributor, etc. | Irwin, |
| Date of publication, distribution, etc. | 1996. |
| 300 ## - PHYSICAL DESCRIPTION | |
| Extent | xx, 1035 p. : |
| Other physical details | ill. ; |
| Dimensions | 26 cm. |
| 504 ## - BIBLIOGRAPHY, ETC. NOTE | |
| Bibliography, etc | Includes bibliographical references and indexes. |
| 650 #0 - SUBJECT ADDED ENTRY--TOPICAL TERM | |
| Topical term or geographic name as entry element | Strategic planning. |
| -- | 0000150576 |
| 650 #0 - SUBJECT ADDED ENTRY--TOPICAL TERM | |
| Topical term or geographic name as entry element | Strategic planning |
| General subdivision | Case studies. |
| -- | 0000150586 |
| 700 1# - ADDED ENTRY--PERSONAL NAME | |
| Personal name | Strickland, Alonzo J. |
| -- | 0000150633 |
| 908 ## - PUT COMMAND PARAMETER (RLIN) | |
| Put command parameter | 070321 |
| 950 ## - LOCAL HOLDINGS (RLIN) | |
| -- | 1 |
| Withdrawn status | Lost status | Source of classification or shelving scheme | Not for loan | Home library | Current library | Date acquired | Total Checkouts | Full call number | Date last seen | Price effective from | Koha item type |
|---|---|---|---|---|---|---|---|---|---|---|---|
| Library of Congress Classification | Kabarak, Main Campus | Kabarak, Main Campus | 17/12/2015 | HD30.28 .T46 1996 c. 1 | 17/12/2015 | 17/12/2015 | General Collection |